[Event "2018 O2C Doeberl Cup Premier"]
[Site "Canberra, Australia"]
[Date "2018.03.31"]
[Round "6.10"]
[White "Johansen, Darryl K"]
[Black "Nguyen, Thu Giang"]
[Result "1-0"]
[WhiteElo "2354"]
[BlackElo "2131"]
[PlyCount "109"]
[EventDate "2018.03.29"]

1. Nf3 Nf6 2. c4 c5 3. Nc3 g6 4. e4 d6 5. d4 cxd4 6. Nxd4 Bg7 7. Be2 O-O 8. O-O
Nc6 9. Nc2 Be6 10. Rb1 Rc8 11. b3 a6 12. Bb2 Qa5 13. a4 Rfd8 14. Ba1 Qg5 15.
Ne3 Nb4 16. Ncd5 Nbxd5 17. exd5 Bd7 18. a5 h5 19. Qd3 Ng4 20. f4 Qh4 21. Bxg4
hxg4 22. f5 g3 23. hxg3 Qxg3 24. Rf3 Qg5 25. Bxg7 Kxg7 26. fxg6 fxg6 27. Re1
Rh8 28. Qd4+ Kg8 29. Qf4 Qxf4 30. Rxf4 Rf8 31. Re4 Rf7 32. b4 Kg7 33. c5 Rc8
34. Rc1 Bb5 35. Rc3 g5 36. g3 Rc7 37. Kg2 Rf8 38. g4 dxc5 39. Rxc5 Rd7 40. Nf5+
Kf7 41. Nd4 Bd3 42. Re3 Bb1 43. Re5 Rg8 44. Kg3 Rg6 45. Nf3 Kf6 46. Re6+ Kg7
47. Rxg6+ Bxg6 48. Nxg5 Kf6 49. Ne6 Be4 50. Nf4 Ke5 51. g5 Rd8 52. Rc7 Rg8 53.
Rxe7+ Kf5 54. g6 Bd3 55. Rxb7 1-0

[Event "2018 O2C Doeberl Cup Premier"]
[Site "Canberra, Australia"]
[Date "2018.03.31"]
[Round "6.11"]
[White "Hu, Jason"]
[Black "Solomon, Stephen J"]
[Result "1/2-1/2"]
[WhiteElo "2157"]
[BlackElo "2349"]
[Annotator "Paul"]
[PlyCount "130"]
[EventDate "2018.03.29"]

1. d4 Nf6 2. Nf3 e6 3. g3 d5 4. Bg2 Be7 5. O-O O-O 6. c4 dxc4 7. Ne5 c5 8. dxc5
Bxc5 9. Nxc4 Qe7 10. Bg5 Nbd7 11. Nc3 h6 12. Be3 Bxe3 13. Nxe3 Rd8 14. Qa4 Nc5
15. Qa3 Kf8 16. Rfd1 Rxd1+ 17. Rxd1 a5 18. Nb5 Rb8 19. Qxa5 b6 20. Qd2 Bb7 21.
Qd6 Qxd6 22. Rxd6 Ba6 23. Nc3 Ke7 24. Rd2 Rc8 25. Nc2 Nfd7 26. f4 Bb7 27. Nb4
g5 28. Bxb7 Nxb7 29. fxg5 hxg5 30. Na4 Rc1+ 31. Kg2 Nbc5 32. Nxc5 Nxc5 33. Nd3
Nxd3 34. exd3 g4 35. h3 gxh3+ 36. Kxh3 f5 $11 37. g4 fxg4+ 38. Kxg4 Kd6 39. Kf4
Kd5 40. Ke3 e5 41. Rh2 Ra1 42. Rh6 b5 43. a3 Ra2 44. b4 Rxa3 45. Rb6 Rb3 46.
Rxb5+ Kc6 47. Rc5+ Kd6 48. Rc4 Rb2 49. Ke4 Re2+ 50. Kf3 Rb2 51. Ke3 Kd5 52.
Rc5+ Kd6 53. Rc4 Kd5 54. Rh4 Kd6 55. Rh6+ Kc7 56. Rh7+ Kd6 57. Rh6+ Kc7 58. Ke4
Rxb4+ 59. Kxe5 Rb5+ $11 60. Ke4 Kd7 61. d4 Ra5 62. Kd3 Rb5 63. Kc4 Ra5 64. Rh7+
Kd6 65. Kb4 Ra1 1/2-1/2

[Event "2018 O2C Doeberl Cup Premier"]
[Site "Canberra, Australia"]
[Date "2018.03.31"]
[Round "6.12"]
[White "Stojic, Dusan"]
[Black "Winkelman, Albert"]
[Result "1-0"]
[WhiteElo "2265"]
[BlackElo "2010"]
[PlyCount "53"]
[EventDate "2018.03.29"]

1. Nf3 Nf6 2. g3 d5 3. Bg2 e6 4. O-O Be7 5. c4 d4 6. e3 c5 7. exd4 cxd4 8. b4
O-O 9. a3 a5 10. b5 Ne4 11. d3 Nc5 12. Bb2 Bf6 13. Re1 Qd6 14. a4 e5 15. Ba3
Nbd7 16. Nbd2 Qc7 17. Nb3 Rb8 18. Nxc5 Nxc5 19. Bxc5 Qxc5 20. Nd2 b6 21. Ne4
Qe7 22. Qh5 g6 23. Nxf6+ Qxf6 24. Qxe5 Qxe5 25. Rxe5 Bf5 26. Be4 Be6 27. Re1
1-0

[Event "2018 O2C Doeberl Cup Premier"]
[Site "Canberra, Australia"]
[Date "2018.03.31"]
[Round "6.13"]
[White "Wright, Neil S"]
[Black "Puccini, Jack"]
[Result "1-0"]
[WhiteElo "2110"]
[BlackElo "2264"]
[PlyCount "61"]
[EventDate "2018.03.29"]

1. e4 d5 2. exd5 Qxd5 3. Nc3 Qd8 4. d4 Nf6 5. Bd3 Bg4 6. f3 Bh5 7. Nh3 Bg6 8.
Nf4 e6 9. Qe2 c6 10. Be3 Bb4 11. O-O O-O 12. Ne4 Nd5 13. Nxg6 hxg6 14. Ng5 c5
15. Qf2 Nxe3 16. Qh4 Re8 17. Bxg6 Nc6 18. Bxf7+ Kf8 19. Bxe8 Kxe8 20. Qf4 Nf5
21. Nxe6 Ncxd4 22. Rfe1 Bxe1 23. Rxe1 Qh4 24. Qxh4 Nxh4 25. Nc7+ Kd7 26. Nxa8
Nhf5 27. Re5 Kd6 28. f4 g6 29. c3 Nc6 30. Re8 Nfe7 31. Kf2 1-0

[Event "2018 O2C Doeberl Cup Premier"]
[Site "Canberra, Australia"]
[Date "2018.03.31"]
[Round "6.14"]
[White "Kargosha, Bahman"]
[Black "Otawa, Yuto"]
[Result "0-1"]
[WhiteElo "2211"]
[BlackElo "1895"]
[PlyCount "84"]
[EventDate "2018.03.29"]

1. d4 Nf6 2. c4 c5 3. d5 e6 4. Nc3 exd5 5. cxd5 d6 6. e4 g6 7. f4 Bg7 8. Bb5+
Nfd7 9. a4 O-O 10. Nf3 Na6 11. O-O Nb4 12. Re1 a6 13. Bf1 Re8 14. Be3 Nf6 15.
Bf2 Bg4 16. Rc1 Bxf3 17. Qxf3 Nd7 18. g4 Rc8 19. b3 Bd4 20. Red1 Qf6 21. g5 Qg7
22. Bh3 Rcd8 23. Ne2 Bxf2+ 24. Kxf2 h6 25. Rg1 hxg5 26. Rxg5 Nf6 27. Bf5 Qh6
28. Rcg1 Kf8 29. e5 gxf5 30. exf6 Qxf6 31. Qh5 Nd3+ 32. Kf1 Qa1+ 33. Kg2 Rxe2+
34. Qxe2 Nxf4+ 35. Kf3 Qxg1 36. Kxf4 Qd4+ 37. Kxf5 Qxd5+ 38. Kf4 Qxb3 39. Rh5
Qxa4+ 40. Kg3 Qd4 41. Qf3 Re8 42. Rh7 Re3 0-1

[Event "2018 O2C Doeberl Cup Premier"]
[Site "Canberra, Australia"]
[Date "2018.03.31"]
[Round "6.15"]
[White "Chan, Luis"]
[Black "Slater-Jones, Tom"]
[Result "1-0"]
[WhiteElo "2210"]
[BlackElo "2032"]
[PlyCount "75"]
[EventDate "2018.03.29"]

1. d4 d5 2. c4 c6 3. Nc3 dxc4 4. e3 e5 5. Bxc4 exd4 6. exd4 Bd6 7. Nf3 Nf6 8.
O-O O-O 9. h3 h6 10. Re1 Nbd7 11. Ne5 Nb6 12. Bd3 Nbd5 13. Qf3 Be6 14. Bd2 Nb4
15. Ne4 Nxe4 16. Bxe4 Bd5 17. Bxd5 Nxd5 18. Rad1 Qf6 19. Qb3 Nb6 20. a4 Bxe5
21. dxe5 Qe6 22. Qb4 Rad8 23. a5 Nc4 24. Bc3 b6 25. axb6 axb6 26. Rxd8 Rxd8 27.
b3 Rd3 28. bxc4 c5 29. Qb3 b5 30. Re3 Rxe3 31. fxe3 b4 32. Bd2 Qf5 33. Qd1 Qe4
34. Qe2 h5 35. Kh2 g6 36. e6 Qxe6 37. Qf3 Qd6+ 38. Qf4 1-0

[Event "2018 O2C Doeberl Cup Premier"]
[Site "Canberra, Australia"]
[Date "2018.03.31"]
[Round "6.16"]
[White "Parle, Hughston"]
[Black "Kethro, Michael"]
[Result "1/2-1/2"]
[WhiteElo "2033"]
[BlackElo "2170"]
[PlyCount "82"]
[EventDate "2018.03.29"]

1. e4 c5 2. Nf3 e6 3. d3 Nc6 4. g3 d5 5. Nbd2 Bd6 6. Bg2 Nge7 7. O-O O-O 8. Ne1
b6 9. f4 Bb7 10. c3 dxe4 11. dxe4 Ba6 12. Rf2 c4 13. Qa4 Na5 14. Nf1 b5 15. Qd1
Bc5 16. Be3 Qb6 17. Nc2 Rfd8 18. Rd2 Rxd2 19. Qxd2 Rd8 20. Qf2 Bxe3 21. Nfxe3
Nb7 22. Rd1 Rxd1+ 23. Nxd1 Nc5 24. Qe3 Bb7 25. Nf2 Na4 26. Qxb6 Nxb6 27. Nd4 a6
28. Nd1 Nc6 29. e5 Nd8 30. Ne3 Na4 31. Nd1 Bxg2 32. Kxg2 Nb7 33. Kf3 Nbc5 34.
b3 Nb6 35. Nb2 cxb3 36. axb3 Kf8 37. g4 Ke8 38. h4 h6 39. h5 Nd5 40. c4 bxc4
41. Nxc4 Kf8 1/2-1/2

[Event "2018 O2C Doeberl Cup Premier"]
[Site "Canberra, Australia"]
[Date "2018.03.31"]
[Round "6.17"]
[White "Zulfic, Fedja"]
[Black "Bennett, Hilton"]
[Result "1-0"]
[WhiteElo "2156"]
[BlackElo "1911"]
[Annotator "Paul"]
[PlyCount "103"]
[EventDate "2018.03.29"]

1. d4 Nf6 2. Nf3 g6 3. c4 Bg7 4. Nc3 d6 5. e4 O-O 6. Be2 Na6 7. O-O e5 8. Re1
c6 9. Bf1 Bg4 10. d5 cxd5 11. cxd5 Nc5 12. b4 Ncd7 13. h3 Bxf3 14. Qxf3 Nh5 15.
Nb5 Nb6 16. Be3 a6 17. Na3 f5 18. exf5 Rxf5 19. Qd1 Rf8 20. Rc1 Rc8 21. Qg4
Rxc1 22. Rxc1 Nf4 23. Rd1 Kh8 24. Nc4 Nxc4 25. Bxc4 Qc8 26. Qxc8 Rxc8 $11 27.
Bb3 Kg8 28. Kf1 Kf8 29. g3 Nh5 30. Ke2 Ke8 31. a4 Rc3 32. Rb1 Nf6 33. b5 axb5
34. axb5 Ne4 35. b6 Nc5 36. Bxc5 Rxc5 37. Ra1 Rc8 38. Ra7 Rb8 39. Ra4 Bf6 40.
f4 exf4 41. Re4+ Kf7 42. Rxf4 Re8+ 43. Kd3 Kg7 44. Rc4 Bd8 45. Rc8 Kf7 46. Rb8
Kf6 47. Rxb7 h5 48. Rd7 Ke5 49. b7 Bb6 50. Re7+ Rxe7 51. b8=Q Bc5 52. Qh8+ 1-0

[Event "2018 O2C Doeberl Cup Premier"]
[Site "Canberra, Australia"]
[Date "2018.03.31"]
[Round "6.18"]
[White "Slater-Jones, Henry"]
[Black "Specht, Josh"]
[Result "1/2-1/2"]
[WhiteElo "1869"]
[BlackElo "2094"]
[PlyCount "60"]
[EventDate "2018.03.29"]

1. d4 d5 2. c4 c6 3. Nc3 Nf6 4. Nf3 dxc4 5. a4 Bf5 6. e3 e6 7. Bxc4 Bb4 8. O-O
O-O 9. Qe2 Nbd7 10. h3 Qa5 11. Bd2 e5 12. e4 exd4 13. Nxd4 Bg6 14. Nc2 Nxe4 15.
Nxb4 Nxd2 16. Nxc6 bxc6 17. Qxd2 Ne5 18. Be2 Rad8 19. Qf4 Qc5 20. Rfd1 f6 21.
Rac1 a5 22. Nd5 Qa7 23. Ne3 Qb6 24. Nc4 Qb4 25. Rxd8 Rxd8 26. Qe3 Re8 27. Qc3
Qxa4 28. Qxa5 Qxa5 29. Nxa5 Be4 30. Nc4 Bd5 1/2-1/2

[Event "2018 O2C Doeberl Cup Premier"]
[Site "Canberra, Australia"]
[Date "2018.03.31"]
[Round "6.19"]
[White "Lo, Willis"]
[Black "Litchfield, Frederick"]
[Result "1/2-1/2"]
[WhiteElo "2005"]
[BlackElo "2054"]
[PlyCount "102"]
[EventDate "2018.03.29"]

1. c4 e6 2. g3 Nf6 3. Bg2 d5 4. Nf3 Be7 5. O-O O-O 6. b3 Nbd7 7. Bb2 c6 8. d3
b6 9. Qc2 Bb7 10. e4 Rc8 11. Nbd2 Qc7 12. Rac1 dxe4 13. dxe4 e5 14. Rfe1 Rfe8
15. Nf1 Rcd8 16. Ne3 Bf8 17. Rcd1 g6 18. h3 Bc8 19. Re2 a5 20. Kh2 h5 21. Nf1
Bg7 22. Ba3 Bf8 23. Bb2 Be7 24. N1d2 Nh7 25. Nb1 Nhf8 26. Red2 Ne6 27. Nc3 Ng5
28. Na4 Nxf3+ 29. Bxf3 h4 30. Rd3 Nf8 31. Rxd8 Rxd8 32. Rxd8 Bxd8 33. Qc3 hxg3+
34. fxg3 Bf6 35. Qe3 c5 36. Nc3 Qd8 37. Nd5 Bg5 38. Qe2 Qd6 39. Bg4 Bb7 40. Qf3
Ne6 41. h4 Bd8 42. h5 Nd4 43. Qe3 gxh5 44. Bxh5 Bc8 45. Bxd4 cxd4 46. Qf3 Qe6
47. g4 Bg5 48. Kg2 f6 49. Qf5 Qxf5 50. gxf5 Bb7 51. Kf2 Bxd5 1/2-1/2

[Event "2018 O2C Doeberl Cup Premier"]
[Site "Canberra, Australia"]
[Date "2018.03.31"]
[Round "6.20"]
[White "Liu, Yi"]
[Black "Ng, Clive"]
[Result "1-0"]
[WhiteElo "2322"]
[BlackElo "2036"]
[PlyCount "63"]
[EventDate "2018.03.29"]

1. d4 d5 2. c4 e6 3. Nc3 Be7 4. cxd5 exd5 5. Bf4 c6 6. e3 Nf6 7. Bd3 Nbd7 8. h3
O-O 9. Nf3 Re8 10. O-O Nf8 11. Rb1 Ng6 12. b4 a6 13. a4 Bd6 14. Bxd6 Qxd6 15.
Qc2 Bd7 16. b5 axb5 17. axb5 Rac8 18. bxc6 bxc6 19. Rfc1 Rb8 20. Rxb8 Rxb8 21.
Na4 Qa3 22. Nc5 Rb2 23. Qc3 Qxc3 24. Rxc3 Be8 25. Ra3 Nf4 26. Ra8 Ne6 27. Nxe6
fxe6 28. Ng5 Kf8 29. Nxe6+ Ke7 30. Nxg7 Bg6 31. Ra7+ Kd6 32. Nf5+ 1-0

[Event "2018 O2C Doeberl Cup Premier"]
[Site "Canberra, Australia"]
[Date "2018.04.01"]
[Round "7.1"]
[White "Gareyev, Timur"]
[Black "Bjelobrk, Igor"]
[Result "1-0"]
[WhiteElo "2590"]
[BlackElo "2380"]
[PlyCount "81"]
[EventDate "2018.03.29"]

1. d4 Nf6 2. c4 e6 3. Nc3 Bb4 4. Qc2 d5 5. e3 O-O 6. a3 Bxc3+ 7. Qxc3 dxc4 8.
Bxc4 b6 9. Nf3 Bb7 10. b3 Nbd7 11. Bb2 c5 12. Rd1 Qe7 13. O-O Rfd8 14. dxc5
Nxc5 15. Qe5 Rxd1 16. Rxd1 Rd8 17. Rxd8+ Qxd8 18. Nd4 Ncd7 19. Qg3 a6 20. a4
Qb8 21. Qxb8+ Nxb8 22. f3 Bd5 23. Bd3 Bb7 24. Ba3 Nbd7 25. e4 Nc5 26. Bc2 a5
27. Kf2 Nfd7 28. Ke3 f6 29. Nb5 Ba6 30. Nc7 Bb7 31. Bd1 Kf7 32. Be2 g5 33. Bc4
Ne5 34. Bxc5 Nxc4+ 35. Kd4 Nd2 36. Bxb6 g4 37. Kd3 Nf1 38. Bg1 f5 39. Ke2 gxf3+
40. gxf3 fxe4 41. Kxf1 1-0

[Event "2018 O2C Doeberl Cup Premier"]
[Site "Canberra, Australia"]
[Date "2018.04.01"]
[Round "7.2"]
[White "Ikeda, Junta"]
[Black "Morris, James"]
[Result "0-1"]
[WhiteElo "2415"]
[BlackElo "2461"]
[PlyCount "60"]
[EventDate "2018.03.29"]

1. d4 Nf6 2. c4 g6 3. Nf3 Bg7 4. g3 O-O 5. Bg2 c5 6. O-O cxd4 7. Nxd4 Nc6 8.
Nc3 d6 9. Nxc6 bxc6 10. Bxc6 Rb8 11. Bg2 Nd7 12. Qc2 Ne5 13. b3 Bf5 14. e4 Bg4
15. f3 Be6 16. Be3 Qa5 17. Nd5 Nc6 18. Rad1 Bxd5 19. Rxd5 Qa3 20. Qb1 a5 21.
Bc1 Qb4 22. Bd2 Bd4+ 23. Rxd4 Qc5 24. Be3 Nxd4 25. Qd3 e5 26. h4 a4 27. Rb1 Qa3
28. Bh6 Qxa2 29. Bxf8 Rxb3 30. Rxb3 axb3 0-1

[Event "2018 O2C Doeberl Cup Premier"]
[Site "Canberra, Australia"]
[Date "2018.04.01"]
[Round "7.3"]
[White "Sukandar, Irine Kharisma"]
[Black "Kunte, Abhijit"]
[Result "1/2-1/2"]
[WhiteElo "2408"]
[BlackElo "2499"]
[PlyCount "99"]
[EventDate "2018.03.29"]

1. e4 c5 2. Nf3 e6 3. d4 cxd4 4. Nxd4 a6 5. c4 Nf6 6. Nc3 Qc7 7. a3 b6 8. Be3
Bb7 9. f3 Be7 10. Be2 O-O 11. Qd2 d6 12. O-O Nbd7 13. Rfc1 Rfc8 14. a4 Qd8 15.
a5 bxa5 16. Nb3 a4 17. Nxa4 a5 18. Kh1 d5 19. exd5 Bb4 20. Qd4 exd5 21. c5 Bc6
22. Bd3 Bxa4 23. Rxa4 Qe8 24. Raa1 a4 25. Bd2 Nxc5 26. Nxc5 Bxd2 27. Bxh7+ Nxh7
28. Qxd2 Qb5 29. Qd4 Nf8 30. f4 Rab8 31. Nxa4 Ne6 32. Qe5 Ra8 33. Rxc8+ Rxc8
34. h3 Ra8 35. f5 Nc5 36. Qxd5 Rxa4 37. Rxa4 Qxa4 38. Qxc5 Qa1+ 39. Kh2 Qxb2
40. Qd6 f6 41. Qf4 Qe2 42. h4 Qd1 43. Qb8+ Kh7 44. Qg3 Kg8 45. Qg6 Qd6+ 46. g3
Qd2+ 47. Kh3 Qe1 48. h5 Qh1+ 49. Kg4 Qe4+ 50. Kh3 1/2-1/2

[Event "2018 O2C Doeberl Cup Premier"]
[Site "Canberra, Australia"]
[Date "2018.04.01"]
[Round "7.4"]
[White "Tao, Trevor"]
[Black "Mu, Ke"]
[Result "0-1"]
[WhiteElo "2366"]
[BlackElo "2450"]
[PlyCount "70"]
[EventDate "2018.03.29"]

1. d4 Nf6 2. Nf3 g6 3. c4 Bg7 4. Nc3 O-O 5. e3 d5 6. b4 c6 7. Bb2 b6 8. Qb3 Bb7
9. Be2 e6 10. O-O Nbd7 11. a4 dxc4 12. Bxc4 c5 13. dxc5 bxc5 14. b5 Bxf3 15.
gxf3 Ne5 16. Be2 g5 17. Rad1 Qc7 18. Ne4 Nxe4 19. fxe4 g4 20. Bxe5 Qxe5 21. f3
gxf3 22. Bxf3 Kh8 23. Kh1 Rfd8 24. Bg2 Qh5 25. Bf3 Qh4 26. Qc2 Be5 27. a5 c4
28. Rxd8+ Rxd8 29. Rd1 Rb8 30. Rb1 c3 31. Qg2 Rg8 32. Qe2 Rd8 33. Qg2 Rd2 34.
Be2 Rxe2 35. Qxe2 Qxe4+ 0-1

[Event "2018 O2C Doeberl Cup Premier"]
[Site "Canberra, Australia"]
[Date "2018.04.01"]
[Round "7.5"]
[White "Chapman, Mark"]
[Black "Sengupta, Deep"]
[Result "0-1"]
[WhiteElo "2385"]
[BlackElo "2579"]
[PlyCount "136"]
[EventDate "2018.03.29"]

1. e4 e6 2. d4 d5 3. Nc3 Bb4 4. e5 c5 5. a3 Bxc3+ 6. bxc3 Ne7 7. a4 Qa5 8. Bd2
Nbc6 9. Nf3 Bd7 10. Bb5 h6 11. O-O Qc7 12. Re1 Na5 13. Bd3 c4 14. Bf1 O-O-O 15.
g3 Kb8 16. h4 Nc8 17. Bc1 Ka8 18. Ba3 Rdg8 19. Qd2 Qd8 20. Qf4 Qe8 21. Bb4 Nc6
22. Ba3 Na5 23. Bb4 Nc6 24. Ba3 Nb8 25. a5 Ba4 26. Ra2 Qd7 27. Bc5 Na6 28. Ba3
Bc6 29. h5 Rd8 30. Bh3 Qc7 31. Raa1 Be8 32. Bc1 Ne7 33. Ba3 Nc8 34. Kf1 Rd7 35.
Qg4 Rh7 36. Bf8 f5 37. exf6 gxf6 38. Rxe6 Qd8 39. Rae1 Nc7 40. R6e3 Rdf7 41.
Qxc8+ Qxc8 42. Bxc8 Rxf8 43. Bf5 Rg7 44. g4 Bc6 45. Nh4 Nb5 46. Bg6 Nd6 47. f3
Kb8 48. Re7 Rxe7 49. Rxe7 b6 50. a6 Bb5 51. Re6 Kc7 52. Re7+ Kb8 53. Rh7 Bxa6
54. Rxh6 Bc8 55. Rh7 a5 56. Re7 Rh8 57. Ke1 b5 58. Kd2 b4 59. cxb4 axb4 60. Rh7
c3+ 61. Kd1 Rd8 62. h6 Nc4 63. Rg7 Rd6 64. Rg8 Re6 65. Re8 Nb2+ 66. Kc1 Ra6 67.
Kb1 Nc4 68. Re2 Nd2+ 0-1

[Event "2018 O2C Doeberl Cup Premier"]
[Site "Canberra, Australia"]
[Date "2018.04.01"]
[Round "7.6"]
[White "Otawa, Yuto"]
[Black "Ma, Qun"]
[Result "0-1"]
[WhiteElo "1895"]
[BlackElo "2645"]
[PlyCount "118"]
[EventDate "2018.03.29"]

1. d4 Nf6 2. c4 e6 3. Nc3 Bb4 4. e3 d5 5. a3 Bxc3+ 6. bxc3 O-O 7. cxd5 exd5 8.
Bd3 c5 9. Ne2 b6 10. O-O Ba6 11. Bxa6 Nxa6 12. Qd3 Nb8 13. f3 Re8 14. Ng3 Nc6
15. Ra2 Qd7 16. Re2 Rad8 17. Rd1 h5 18. Bb2 g6 19. Nh1 c4 20. Qc2 b5 21. e4 a5
22. e5 Nh7 23. Rde1 Nf8 24. Nf2 b4 25. axb4 axb4 26. cxb4 Rb8 27. Bc3 Qf5 28.
Qa4 Ne7 29. Rd2 Ra8 30. Qc2 Ra3 31. b5 Rb3 32. Bb2 Rb8 33. Ne4 dxe4 34. fxe4
Qd7 35. Ba1 Qxb5 36. Rf2 Ne6 37. d5 Rb1 38. Ref1 Nxd5 39. exd5 Rxf1+ 40. Rxf1
Qxd5 41. Qf2 Rb7 42. h3 Qd3 43. Qf3 Qxf3 44. Rxf3 Rb1+ 45. Rf1 Rxf1+ 46. Kxf1
Kf8 47. Ke2 Ke7 48. Ke3 Kd7 49. Ke4 Kc6 50. Bc3 Nc5+ 51. Kd4 Na4 52. Bd2 c3 53.
Bc1 Kb5 54. e6 fxe6 55. Ke5 Nc5 56. Kf6 Nb3 57. Be3 Kc4 58. Kxe6 c2 59. Kf6 Kd3
0-1

[Event "2018 O2C Doeberl Cup Premier"]
[Site "Canberra, Australia"]
[Date "2018.04.01"]
[Round "7.7"]
[White "Smirnov, Anton"]
[Black "Johansen, Darryl K"]
[Result "1/2-1/2"]
[WhiteElo "2543"]
[BlackElo "2354"]
[PlyCount "227"]
[EventDate "2018.03.29"]

1. e4 c5 2. Nf3 e6 3. d4 cxd4 4. Nxd4 Nc6 5. Nc3 a6 6. Nxc6 bxc6 7. Bd3 d5 8.
O-O Nf6 9. Qf3 a5 10. Bg5 Be7 11. Rfe1 O-O 12. Qh3 e5 13. Qf3 d4 14. Bxf6 Bxf6
15. Na4 Be6 16. Qe2 Rb8 17. b3 Be7 18. Bc4 Bd7 19. Qh5 Bd6 20. Rf1 Qe7 21. Nb2
Kh8 22. Bd3 g6 23. Qe2 f5 24. exf5 gxf5 25. f3 Rbe8 26. Nc4 Bc7 27. Rae1 Rg8
28. Qd2 Qh4 29. Qf2 Qf6 30. Kh1 c5 31. g4 fxg4 32. Be4 Ref8 33. Rg1 Bc6 34. Nd2
Bxe4 35. Nxe4 Qxf3+ 36. Qg2 Rg6 37. Ref1 Qxg2+ 38. Kxg2 Rxf1 39. Rxf1 Kg7 40.
Kg3 h6 41. Rf2 Bb6 42. Rf5 Bc7 43. Kh4 a4 44. Rf2 Rc6 45. Kxg4 c4 46. bxa4 Ra6
47. Kf5 Kf7 48. Rg2 Rxa4 49. Rg6 Rxa2 50. Rxh6 Bd8 51. Rh7+ Kf8 52. Ke6 Rxc2
53. Rh8+ Kg7 54. Rxd8 Rxh2 55. Nf6 Rh8 56. Rd7+ Kg6 57. Kxe5 d3 58. Nd5 Rh2 59.
Nc3 Rh5+ 60. Kd4 Rh4+ 61. Kc5 Kf5 62. Kb4 Ke6 63. Rd8 Rf4 64. Nd1 Re4 65. Kc3
Ke7 66. Ra8 Kd6 67. Nb2 Kc5 68. Ra5+ Kc6 69. Nxc4 Rh4 70. Rg5 d2 71. Nxd2 Kd6
72. Kd3 Ra4 73. Nc4+ Ke6 74. Re5+ Kf6 75. Rc5 Ra1 76. Ke4 Re1+ 77. Ne3 Ke6 78.
Rc6+ Kd7 79. Rh6 Re2 80. Kd4 Ke7 81. Nd5+ Kd7 82. Nf6+ Ke7 83. Ne4 Ra2 84. Rc6
Rh2 85. Nf6 Re2 86. Kd5 Rh2 87. Ra6 Kf7 88. Ke5 Rb2 89. Rc6 Ra2 90. Ne4 Ra5+
91. Nc5 Ra1 92. Rf6+ Ke7 93. Rh6 Kf7 94. Nd3 Ra5+ 95. Ke4 Ke7 96. Ne5 Ra1 97.
Nc6+ Kf7 98. Kd5 Rd1+ 99. Nd4 Ra1 100. Kd6 Rd1 101. Kd5 Ra1 102. Rb6 Rd1 103.
Ra6 Ke7 104. Rb6 Kf7 105. Ke5 Re1+ 106. Kf4 Rf1+ 107. Nf3 Ke7 108. Ke4 Ra1 109.
Nd2 Ra4+ 110. Kf5 Ra5+ 111. Kf4 Kd7 112. Nc4 Ra4 113. Rd6+ Kc7 114. Rd4 1/2-1/2

[Event "2018 O2C Doeberl Cup Premier"]
[Site "Canberra, Australia"]
[Date "2018.04.01"]
[Round "7.8"]
[White "Lane, Gary W"]
[Black "Wright, Neil S"]
[Result "1-0"]
[WhiteElo "2385"]
[BlackElo "2110"]
[PlyCount "45"]
[EventDate "2018.03.29"]

1. e4 c5 2. Nf3 d6 3. d4 Nf6 4. Nc3 cxd4 5. Nxd4 g6 6. Bc4 Bg7 7. O-O O-O 8.
Bb3 Na6 9. Bg5 Nc5 10. Re1 h6 11. Bh4 Re8 12. Qd2 Nxb3 13. axb3 d5 14. Bxf6
Bxf6 15. Nxd5 Bg7 16. Rad1 e6 17. Nc3 a6 18. e5 g5 19. f4 Bd7 20. Ne4 Rf8 21.
fxg5 Bxe5 22. Nf3 Qb6+ 23. Kh1 1-0

[Event "2018 O2C Doeberl Cup Premier"]
[Site "Canberra, Australia"]
[Date "2018.04.01"]
[Round "7.9"]
[White "Dale, Ari"]
[Black "Stojic, Dusan"]
[Result "1/2-1/2"]
[WhiteElo "2374"]
[BlackElo "2265"]
[PlyCount "176"]
[EventDate "2018.03.29"]

1. d4 Nf6 2. c4 g6 3. Nc3 d5 4. Nf3 Bg7 5. h4 dxc4 6. e4 c5 7. d5 b5 8. h5 O-O
9. hxg6 fxg6 10. e5 Ng4 11. d6 e6 12. Rxh7 Nc6 13. Ne4 Ncxe5 14. Nfg5 Nf6 15.
Rxg7+ Kxg7 16. Nxc5 Re8 17. Bf4 Nc6 18. Qf3 e5 19. d7 Bxd7 20. O-O-O Bg4 21.
Rxd8 Bxf3 22. Rd6 exf4 23. Nce6+ Kh6 24. Nf7+ Kh7 25. gxf3 Rac8 26. Bh3 Kg8 27.
Nh6+ Kh7 28. Nxf4 Rc7 29. Rxf6 Kxh6 30. Rxg6+ Kh7 31. Bf5 Kh8 32. Rh6+ Kg8 33.
Nd5 Rf7 34. Bg6 Re5 35. Bxf7+ Kxf7 36. Rxc6 Rxd5 37. Rc7+ Ke6 38. Rxa7 Kd6 39.
Ra3 Kc5 40. Re3 b4 41. Kc2 Rh5 42. b3 c3 43. a3 bxa3 44. Kxc3 Rh1 45. Re5+ Kd6
46. Re2 Kd5 47. Ra2 Rh3 48. Kb4 Rxf3 49. Rd2+ Kc6 50. Kxa3 Kb5 51. Ka2 Kb4 52.
Re2 Kc5 53. Ka3 Kb5 54. Rc2 Ka5 55. Re2 Kb5 56. Kb2 Kb4 57. Kc2 Rc3+ 58. Kd2
Rxb3 59. Re8 Kc5 60. Rd8 Kc6 61. Ke2 Kc7 62. Rd3 Rb8 63. f4 Rd8 64. Re3 Kd7 65.
Kf3 Re8 66. Ra3 Ke7 67. Kg4 Rb8 68. Ra7+ Kf8 69. Ra6 Kf7 70. Kg5 Rb5+ 71. f5
Rb7 72. Rh6 Rb1 73. Rh7+ Kg8 74. Re7 Rb6 75. Re6 Rb7 76. Kf6 Rf7+ 77. Ke5 Ra7
78. Kf6 Rf7+ 79. Kg5 Rb7 80. Rh6 Rb1 81. Kg6 Rg1+ 82. Kf6 Ra1 83. Rg6+ Kf8 84.
Rg4 Ra6+ 85. Kg5 Kf7 86. Rb4 Rc6 87. Rb7+ Kf8 88. f6 Rc1 1/2-1/2

[Event "2018 O2C Doeberl Cup Premier"]
[Site "Canberra, Australia"]
[Date "2018.04.01"]
[Round "7.10"]
[White "Clarke, Brandon G I"]
[Black "Chan, Luis"]
[Result "1-0"]
[WhiteElo "2362"]
[BlackElo "2210"]
[PlyCount "105"]
[EventDate "2018.03.29"]

1. e4 c5 2. Nf3 Nc6 3. d4 cxd4 4. Nxd4 Nf6 5. Nc3 e5 6. Ndb5 d6 7. Bg5 a6 8.
Na3 b5 9. Bxf6 gxf6 10. Nd5 f5 11. Bd3 Be6 12. c3 Bg7 13. Nxb5 axb5 14. Bxb5
Bd7 15. exf5 e4 16. Qg4 Kf8 17. Qxe4 Qa5 18. O-O Qxb5 19. f6 Ne5 20. Nc7 Ra4
21. Nxb5 Rxe4 22. fxg7+ Kxg7 23. Nxd6 Rg4 24. Rad1 Rb8 25. b3 Bc6 26. Nf5+ Kf8
27. Ng3 h5 28. f3 Rg6 29. Rd4 Ra8 30. Rf2 Re8 31. Kf1 Rh6 32. Re2 Bb7 33. h3
Ree6 34. Nf5 Nc6 35. Nxh6 Nxd4 36. Rxe6 Nxe6 37. Nf5 Nf4 38. Kf2 Bc8 39. Nd4
Ke7 40. h4 Kd6 41. g4 hxg4 42. fxg4 Nd5 43. c4 Nf6 44. g5 Nh5 45. b4 Ng7 46.
Ke3 Bh3 47. a4 Bf1 48. c5+ Kd5 49. c6 Bh3 50. b5 Kc5 51. a5 Ne6 52. Nxe6+ Bxe6
53. a6 1-0

[Event "2018 O2C Doeberl Cup Premier"]
[Site "Canberra, Australia"]
[Date "2018.04.01"]
[Round "7.12"]
[White "Song, Raymond"]
[Black "Brown, Andrew"]
[Result "1-0"]
[WhiteElo "2233"]
[BlackElo "2278"]
[PlyCount "161"]
[EventDate "2018.03.29"]

1. e4 e5 2. Nf3 Nc6 3. Bc4 Bc5 4. O-O d6 5. d3 Nf6 6. a4 a6 7. c3 Ba7 8. Na3 h6
9. Nc2 Be6 10. Bxe6 fxe6 11. Be3 O-O 12. Bxa7 Rxa7 13. Re1 Nh5 14. Re3 Qf6 15.
b4 Raa8 16. Na3 Nf4 17. b5 Ne7 18. Nc4 axb5 19. axb5 b6 20. h4 Qg6 21. g3 Qg4
22. Rxa8 Rxa8 23. Qf1 Ra2 24. Ncd2 Neg6 25. Kh2 Nh5 26. Qb1 Ra8 27. d4 Rf8 28.
Qd3 exd4 29. cxd4 Nf6 30. Kg1 Qh5 31. Qc4 Ng4 32. Qxe6+ Kh7 33. Rc3 Rf6 34. Qd7
Nf8 35. Qxc7 Qxb5 36. Qc8 Ne6 37. Qc4 Qxc4 38. Rxc4 b5 39. Rc6 Nf8 40. Rb6 d5
41. Rxf6 Nxf6 42. e5 N6d7 43. Kf1 Ne6 44. Ke2 g5 45. hxg5 hxg5 46. Nb3 Kg6 47.
Ne1 Kf5 48. Nc2 Nb6 49. Ne3+ Kg6 50. Kf3 Kf7 51. Kg4 Kg6 52. f4 gxf4 53. gxf4
Kf7 54. f5 Nc7 55. Kg5 Nc4 56. Ng4 b4 57. Nh6+ Kf8 58. Kg6 Ne3 59. e6 Ng2 60.
Kf6 Ne3 61. Nf7 Ng4+ 62. Kg5 Nf2 63. Kg6 Ne4 64. Na5 Ne8 65. Ne5 Nc7 66. Nec6
Nd6 67. Nxb4 Nxe6 68. fxe6 Ke7 69. Nxd5+ Kxe6 70. Nc3 Nc8 71. Kg5 Nd6 72. Kf4
Ne8 73. Nb3 Kd6 74. Nc5 Nc7 75. Kf5 Ne8 76. N5e4+ Kc6 77. Ke6 Ng7+ 78. Ke5 Ne8
79. Nd5 Ng7 80. Nef6 Kb5 81. Ne3 1-0

[Event "2018 O2C Doeberl Cup Premier"]
[Site "Canberra, Australia"]
[Date "2018.04.01"]
[Round "7.13"]
[White "Chen, Pengyu"]
[Black "Hu, Jason"]
[Result "1-0"]
[WhiteElo "2273"]
[BlackElo "2157"]
[PlyCount "69"]
[EventDate "2018.03.29"]

1. d4 d5 2. c4 c6 3. cxd5 cxd5 4. Bf4 Nc6 5. e3 e6 6. Nc3 Nf6 7. Bd3 Bd6 8.
Bxd6 Qxd6 9. f4 O-O 10. Nf3 a6 11. O-O b5 12. Ne5 Bb7 13. Qf3 Nb4 14. Bb1 Nd7
15. g4 Nxe5 16. fxe5 Qe7 17. Qh3 h6 18. a3 Nc6 19. Ne2 f6 20. exf6 Rxf6 21. Nf4
Nxd4 22. Bd3 Nb3 23. Rad1 g5 24. Ng6 Rxf1+ 25. Rxf1 Qg7 26. Ne7+ Qxe7 27. Qxh6
Nc5 28. Rf6 Nxd3 29. Qxg5+ Qg7 30. Rg6 Qxg6 31. Qxg6+ Kf8 32. Qxd3 Re8 33. Qg6
Re7 34. g5 e5 35. Qf6+ 1-0